000 00683nam a2200277Ia 4500
005 20260324111635.0
008 008 260324s9999 xx 000 0 eng d
020 _a9781003603863
037 _aEBOOK
040 _aCRL
040 _beng
040 _cCRL
041 _2eng
041 _aeng
084 _qCRL
100 _aVishnu D. Rajput; Tatiana M. Minkina
_91139404
245 0 _aNano-Biochar and Nanoparticles for Soil Health Improvement
260 _bTaylor and Francis
260 _c2025
365 _a
365 _b320
856 _uhttp://www.taylorfrancis.com/books/9781003603863
942 _cEBOOK
999 _c1728292
_d1728292